000 01116nam0a2200325 4500
001 RU\NLR\BIBL_A\011662546
005 20180403112546.0
010 _a978-5-389-14253-4
_95000
021 _aRU
_bКН-П-18-012864
_9КН-П-18-0920
035 _a(NLR Aleph) 011662546
035 _a(RuMoRGB)009540892
090 _a11190173
_c11190173
100 _a20180322d2018 e y0rusy50 ca
101 1 _arus
_ccat
102 _aRU
105 _ay|||z|||000ay
200 1 _aЯ исповедуюсь
_e[роман]
_fЖауме Кабре
_g[перевод с каталанского Е. Гущиной и др.]
210 _aСанкт-Петербург [и др.]
_cАзбука [и др.]
_d2018
215 _a827, [4] с.
_d18
225 1 _aThe Big Book
333 _a16+
686 _aШ5(4Ис=К)64-644
_2rubbk
686 1 _aШ6(4Ис=К)07-4{Лх1590}
700 1 _7ca
_8rus
_aКабре
_bЖ.
_f1947-
_gЖауме
_9147513
_3RU\NLR\AUTH\770147549
942 _cBOOK
980 _aNBR
980 _aNB